00280nam a2200109Ia 4500008004100000020001800041082001400059100003100073245004400104260001000148500001200158260604s9999 xx 000 0 und d a9781782099871 a808.3 KEL aMiles Kelly Publishing Ltd 0aIllustrated Treasury of Bedtime Stories bSHREE aBedtime